000 00812nam0a22002411 4500
001 rc\2821380
005 20250529195827.0
035 _a(NLR Aleph) 006979791
090 _a5519805
_c5519804
100 _a20110622d1930 |||y0rusy50 ca
101 0 _arus
102 _aRU
105 _ay z |||||
200 1 _aРаботница Японии
_fА. Борисов
210 _aМосква
_aЛенинград
_cГос. изд-во
_d1930
_eМосква
_gтип. "Красный пролетарий"
215 _a64 с.
_d20х14 см
700 1 _7ca
_8rus
_aБорисов
_bА. Я.
_cкраевед
_f1897-1968
_gАндрей Яковлевич
_9201176
_3RU\NLR\AUTH\770201227
801 0 _aRU
_bNLR
_gpsbo
801 1 _aRU
_bELAR
_2rusmarc
852 _aNLR
_j30.9/542
942 _cBOOK
980 _aNB